000 00485nam a2200181Ia 4500
001 17962
005 20260306171555.0
008 260306s9999||||xx |||||||||||||| ||und||
041 _aESP
082 _a658.3
_bP78
100 _aPorret Gelabert, Miquel
_eAUT
245 0 _aGestión de personas:
_bmanual para gestión del capital humano en las organizaciones
260 _c2014
300 _a611 páginas :
_c24 cm.
650 _aGEN
654 _aCAN
942 _cLIB
_dJUS
_fJUS
_2ddc
_n
999 _c17962
_d17962